[Event "14th Poti Open-A 2019"]
[Site "Poti"]
[Date "2019.07.16"]
[Round "5.14"]
[White "Lomsadze, Davit"]
[Black "Eynullayev, Altay"]
[Result "1-0"]
[WhiteElo "2292"]
[BlackElo "2188"]
[Annotator "TA"]
[PlyCount "113"]
[EventDate "2019.07.13"]
[EventType "swiss"]
[EventCountry "GEO"]
[SourceTitle "playchess.com"]
[Source "ChessBase"]
[SourceQuality "1"]

{[%evp 15,113,0,-1,-17,-12,-21,-24,-67,-44,-58,-52,-45,-21,-29,-22,-27,-26,-80,-68,-82,-40,-60,-45,-95,-76,-71,-75,-79,-72,-131,-134,-133,-139,-544,-117,-111,-107,-115,-118,-130,-131,-107,-79,-117,-79,-115,-86,-216,-201,-172,-138,-118,-127,-120,-74,-65,-42,-324,-19,-29,64,-112,191,95,146,157,340,283,318,342,581,577,613,336,316,299,363,346,324,339,793,791,750,15,7,0,774,743,29982,29983,29983,29984,29983,29983,29982,5609,5601,5593,5593,818]} 1. Nf3 c5 2. g3 Nf6 3. Bg2 d5 4. O-O e6 5. c4 d4 6. d3 Nc6 7. Na3 Be7 8. Nc2 O-O 9. a3 {A08: King's Indian Attack} a5 10. b3 e5 11. e4 $146 {Black has an edge.} ({Predecessor:} 11. Bd2 Be6 12. Rb1 Qc7 13. b4 h6 14. b5 Nd8 15. Nfe1 Nd7 16. e4 f5 17. exf5 Bxf5 {1-0 (73) Hart,A (1885)-Trisha,K (2061) Skopje 2019}) 11... Re8 12. Rb1 h6 13. Bd2 Qc7 14. Nfe1 Bg4 15. Bf3 Be6 16. Ng2 (16. Bg2 $11) 16... Rab8 $36 {[%mdl 2048] Black is more active.} 17. a4 Qd7 18. Na3 Nh7 19. h4 Rf8 20. Nb5 f5 21. Qe2 Nf6 22. Rbe1 (22. exf5 $142 Bxf5 23. h5) 22... Rbe8 23. exf5 Bxf5 24. Be4 $2 {[%mdl 8192]} (24. Kh2 $17 {is more resistant.}) 24... Nxe4 $2 (24... Bxe4 $1 $19 {has better winning chances.} 25. dxe4 Qh3) 25. dxe4 $17 Bh3 26. Kh2 Rf7 27. f3 Ref8 28. Rf2 Nb4 29. Ref1 Bd8 30. Bc1 Nc6 31. f4 (31. Rh1 $17) 31... Bg4 $19 32. Qd3 exf4 33. gxf4 {[#]} g5 $1 {[%mdl 512]} 34. Qg3 {f5 is the strong threat.} (34. fxg5 Rxf2) 34... gxh4 35. Nxh4 Rg7 $1 {Strongly threatening ...Bh5.} 36. Rg1 $2 {[%mdl 8192] [#]} ({Only move:} 36. f5 $15 Bxf5 37. Qd6 Qxd6+ 38. Nxd6 {[%mdl 64] Pin} Bxh4 39. Rf3 {[%mdl 64] Pin}) 36... Rff7 $2 (36... Qe8 $1 $19 {[%cal Re8h5]} 37. Qxg4 Rxg4 38. Rxg4+ Kh7) 37. f5 $11 h5 ({Black should play} 37... Bh5 $11 38. Ng6 Bxg6 39. Bxh6 (39. fxg6 Rxf2+ 40. Qxf2 Ne5 $11) 39... Bh7 40. Bxg7 Rxg7 41. Qxg7+ Qxg7) 38. Ng6 $2 (38. Bh6 $1 $14 {keeps the upper hand.}) 38... d3 $2 {[%mdl 8192]} (38... Rxg6 $1 $17 {keeps the pressure on.} 39. fxg6 Rxf2+ 40. Qxf2 Ne5) 39. Bf4 (39. Bh6 $18) 39... Be7 (39... Rf6 $142) 40. Rd2 $16 Nb4 $2 (40... Rxg6 $16 41. fxg6 Rg7 42. Qxd3 (42. Rxd3 Qe6 $16) 42... Qxd3 43. Rxd3 Rxg6) 41. Ne5 $18 {[%mdl 64] Double Attack} Qd8 42. Nxf7 Kxf7 $2 (42... Rxf7 {was worth a try.} 43. Bc7 Qe8 44. Bxa5 Bf6) 43. Bc7 Qh8 44. Rxd3 Nxd3 45. Qxd3 {aiming for Qd5+.} Qh6 46. Qd5+ Kf8 {[#] White must now prevent ...Qe3.} 47. Bg3 $1 ({Weaker is} 47. Qxb7 Kg8 $16) ({Less strong is} 47. Be5 Qe3 $14) 47... Bf3 $2 (47... Qc6 48. Nc7 Rf7 49. Ne6+ Kg8) 48. Nc7 {And now Ne6+ would win.} Rg4 49. Ne6+ $2 (49. Qd7 $18 Kg8 50. Qxe7) 49... Ke8 $11 50. Nc7+ $2 {[%mdl 8192]} (50. Qd3 $11 Bxe4 51. Nc7+ Kf7 52. Qd7) 50... Kf8 $18 51. Qd7 Qc6 52. Ne6+ Kg8 53. Qxe7 Qxe4 54. Qe8+ Kh7 55. Qxh5+ Kg8 56. Qe8+ Kh7 57. Nf8+ {Accuracy: White = 36%, Black = 27%.} 1-0

[Event "14th Poti Open-A 2019"]
[Site "Poti"]
[Date "2019.07.16"]
[Round "5.15"]
[White "Manukyan, Sargis V."]
[Black "Manafov, Vugar"]
[Result "1/2-1/2"]
[WhiteElo "2282"]
[BlackElo "2175"]
[Annotator "TA"]
[PlyCount "59"]
[EventDate "2019.07.13"]
[EventType "swiss"]
[EventCountry "GEO"]
[SourceTitle "playchess.com"]
[Source "ChessBase"]
[SourceQuality "1"]

{[%evp 16,59,20,8,39,37,75,69,98,67,81,39,45,36,34,32,49,37,54,13,19,0,58,34,93,83,93,0,0,-10,105,109,161,28,33,0,-6,-47,0,-56,0,10,4,6,8,0]} 1. d4 Nf6 2. c4 e6 3. Nc3 Bb4 4. e3 c5 5. Nge2 cxd4 6. exd4 O-O 7. a3 Be7 8. Nf4 d6 9. Be2 Nc6 {E42: Nimzo-Indian: Rubinstein: 4...c5 5 Ne2} (9... e5 10. Nfd5 Nxd5 11. Nxd5 Nc6 12. dxe5 dxe5 13. O-O Bg5 14. f4 exf4 15. Bxf4 Bxf4 16. Rxf4 Be6 17. Qd2 Bxd5 18. cxd5 {½-½ (35) Werle,J (2534)-Nisipeanu,L (2678) Germany 2016}) 10. d5 Ne5 11. O-O h6 $146 {White is slightly better.} ({Predecessor:} 11... Ne8 12. Be3 Nc7 13. b4 b6 14. Qb3 Ng6 15. Nxg6 hxg6 16. a4 Bf6 17. Rfd1 exd5 18. cxd5 {½-½ (56) Therrien,A (2243)-Maciol,R (2200) England 2014}) 12. dxe6 fxe6 13. Qc2 Bd7 14. Ng6 Nxg6 15. Qxg6 {Black must now prevent Bxh6.} Qe8 16. Qg3 Nh5 17. Qg4 Nf6 18. Qg3 Nh5 19. Qh3 Nf4 (19... Nf6 $1 $14) 20. Bxf4 $1 $16 Rxf4 21. Bg4 (21. Rad1 $16) 21... Qg6 $36 {[%mdl 2048] Black is more active.} 22. f3 h5 (22... Rxc4 $11 {keeps the balance.} 23. Rfe1 Rxg4 24. fxg4 Rf8) 23. Bxh5 $16 Qf6 {[#]} (23... Qg5 $16 24. Ne4 Qh6) 24. g3 (24. Nd5 $1 $18 {[%cal Rd5f6][%mdl 512]} exd5 25. Qxd7) 24... Rxc4 $11 25. Rad1 {Strongly threatening Nd5!} Qh6 26. Rfe1 (26. Nd5 $5 {[%cal Rd5e7]} Bg5 27. f4 $11) 26... Rf8 27. Rd3 (27. f4 $11) 27... Bc8 (27... Qh7 $15 28. Red1 Rc7) 28. Bg4 {The position is equal.} Qxh3 29. Bxh3 Kf7 30. Kg2 {Accuracy: White = 22%, Black = 29%.} 1/2-1/2

[Event "14th Poti Open-A 2019"]
[Site "Poti"]
[Date "2019.07.16"]
[Round "5.16"]
[White "Tereladze, Sopiko"]
[Black "Dolzhykova, Kateryna"]
[Result "1/2-1/2"]
[WhiteElo "2144"]
[BlackElo "2228"]
[Annotator "TA"]
[PlyCount "186"]
[EventDate "2019.07.13"]
[EventType "swiss"]
[EventCountry "GEO"]
[SourceTitle "playchess.com"]
[Source "ChessBase"]
[SourceQuality "1"]

{[%evp 22,186,28,37,41,39,114,114,114,70,74,67,87,60,81,112,83,26,45,43,105,97,152,74,92,62,108,88,88,88,182,139,168,134,154,40,41,46,43,39,35,39,38,37,39,37,68,72,75,68,83,100,90,106,241,238,232,178,229,237,273,272,279,276,249,228,385,372,466,464,468,462,574,573,564,491,643,448,508,518,494,474,1025,1012,5499,4800,4694,4518,29945,29947,29943,5724,29943,5361,29959,29961,29958,29951,29941,29942,29959,29958,29952,29955,10231,10231,5761,5555,4497,3981,29964,29968,29961,29968,29963,29960,29974,29975,29975,29976,29976,29974,29977,29978,29978,29979,29979,29977,29977,0,29969,3922,711,0,29974,0,29967,0,29970,373,373,0,0,0,0,0,0,0,0,0,0,0,0,0,0,0,0,0,0,0,0,0,0,0,0,0,0]} 1. e4 c5 2. Nf3 d6 3. d4 cxd4 4. Nxd4 Nf6 5. Nc3 g6 6. Be3 Bg7 7. f3 Nc6 8. Qd2 O-O 9. g4 Be6 10. Nxe6 fxe6 11. O-O-O Ne5 12. Be2 Rc8 {B76: Sicilian Dragon: Yugoslav Attack, 9 g4 and 9 0-0-0} 13. Nb5 (13. Bxa7 b6 $15) 13... Nc4 (13... d5 $14) 14. Bxc4 $1 $16 Rxc4 {White is better.} 15. Nd4 ({Weaker is} 15. Nxa7 Ra4 $15) (15. Bxa7 $6 Qe8 $11) 15... Qd7 16. Kb1 Rfc8 17. Rc1 Ne8 18. h4 d5 19. Nb3 (19. e5 $16) 19... Qd6 $146 ({Predecessor:} 19... Qb5 20. exd5 Qxd5 21. Qxd5 exd5 22. Bxa7 {½-½ (31) Dolmatov,S (2620)-Alterman,B (2465) Beersheba 1991}) 20. exd5 $1 exd5 (20... a5 $14) 21. c3 Nc7 (21... e5 $142) 22. h5 ({White should play} 22. Na5 $1) 22... Nb5 23. Rhd1 e6 24. hxg6 hxg6 25. Qd3 Qe5 (25... Kf7 $16) 26. Nd4 Nxd4 27. Bxd4 Qg5 {Strongly threatening ...Bxd4.} 28. f4 (28. Qe2 $16 R4c6 29. Bxg7 (29. Bxa7 b6 $17) 29... Kxg7 30. Rh1) 28... Qxf4 $14 {White must now prevent ...Bxd4.} 29. Qxg6 {[%csl Gd4][%cal Rg6g7]} Qh6 30. Qxh6 Bxh6 31. g5 Bg7 {With the idea ...Bxd4.} 32. Bxa7 Rg4 33. Rg1 $36 {[%mdl 2048] White has the initiative.} Ra4 34. Be3 e5 35. Rcd1 d4 36. cxd4 exd4 37. b3 Rxa2 (37... Rb4 $16 38. Bd2 Rb6) 38. Kxa2 $18 dxe3 $16 {[%mdl 4096] Endgame KRR-KRB} 39. Kb1 Bc3 (39... Rc3 $142 40. Rd8+ Kh7) 40. Rc1 $1 $18 Rc6 41. Rg2 Re6 {Now ...e2 and Black clings on.} 42. Re2 $1 ({Less strong is} 42. Rxc3 e2 $16) 42... Ba5 43. Rc5 Bb6 $2 (43... Bd2 {might work better.} 44. Rc7 b5) 44. Rd5 Kg7 45. Kc2 Re7 46. Kd3 Rf7 47. b4 Re7 48. Rd6 Bc7 49. Rf6 Bd8 {intending ...Rd7+.} 50. Rf5 Bb6 51. Rd5 Rf7 (51... Re6 $142 52. Rd7+ Kg6) 52. Rxe3 Bxe3 53. Kxe3 {KR-KR} Rc7 54. Rd6 Rc3+ 55. Kd4 Rg3 56. g6 (56. Rd7+ $142 Kg6 57. Rxb7 Rg4+ 58. Kd5 Rxg5+ 59. Kc6 Rg1 60. b5 Rc1+ 61. Kb6) 56... Rg5 57. Kc4 (57. Rb6 $142 Rg4+ 58. Kd5 Rg5+ 59. Kd6 Rxg6+ 60. Kc7 Rg1 61. b5 Rb1 62. Rxb7) 57... b5+ 58. Kd4 Kf8 59. Re6 Kg7 60. Re5 Rg4+ 61. Kc5 Kf6 62. Rd5 Ke6 63. Rd6+ Ke7 64. Rc6 Rg5+ 65. Kb6 $1 Kd8 66. Kb7 Ke7 {[#]} 67. g7 $1 {[%mdl 512]} Kf7 (67... Rxg7 68. Rc7+) 68. Rc7+ Ke6 69. Kc8 Kd6 70. Kd8 Rg1 71. Rd7+ Ke6 72. Ke8 Rg4 73. Re7+ Kd5 74. Rc7 Kd6 75. Rd7+ $2 (75. Rb7 Kc6 76. Rd7 Rg2 77. Rf7 Rg4 78. Kf8 Kd5 79. g8=Q Rxg8+ 80. Kxg8) 75... Kc6 $2 {[%mdl 8192]} (75... Ke6 $11 76. Rb7 Rg2) 76. Rf7 (76. Ra7 $142 Kd5 77. Rc7 Ke6 78. Rb7 Kd5 79. Rxb5+ Kc6 80. Rc5+ Kd6 81. Kf7 Rf4+ 82. Kg6 Rxb4 83. Rf5) 76... Kd5 77. Rc7 (77. Kd7 $18 Rg3 78. Ke8) 77... Kd6 $1 {[%cal Rd6c7]} 78. Rd7+ $2 (78. Rb7 Kd5 79. Rxb5+ Kc4 80. Rb7 Rxg7 81. Rxg7 Kxb4 82. Rc7 Kb3 83. Kd7) 78... Kc6 $2 {[%mdl 8192]} (78... Ke6 $11 79. Rb7 Kd5 80. Rxb5+ Kc4) 79. Re7 Kd5 $1 80. Kf8 $2 (80. Kf7 {mates} Kc4 81. Re4+ $1 {[%mdl 576] Promotion} Rxe4 82. g8=Q Rf4+ 83. Ke6 Kxb4 84. Qg1 Rc4 85. Qe1+ Ka4 86. Kd5) 80... Kc4 {[#]} 81. g8=Q+ $2 (81. Re4+ $1 $18 {[%mdl 512]} Rxe4 82. g8=Q+ Kxb4 83. Qd5 Rf4+ 84. Ke7) 81... Rxg8+ $11 {The position is equal.} 82. Kxg8 Kxb4 {KR-KP} 83. Kf7 {White threatens Rc7 and mate.} Kc3 84. Ke6 b4 {[%cal Bb5b4,Bb4b3,Bb3b2][%mdl 32]} 85. Kd5 {Intending Re3+ and mate.} b3 86. Re3+ Kc2 87. Kc4 {Threatening mate with Re2+.} b2 88. Re2+ Kb1 89. Re6 {Kc3 would kill now.} Kc2 90. Re2+ Kb1 91. Re1+ Kc2 92. Re2+ Kb1 93. Kc3 Ka1 {Accuracy: White = 54%, Black = 41%.} 1/2-1/2

[Event "14th Poti Open-A 2019"]
[Site "Poti"]
[Date "2019.07.16"]
[Round "5.17"]
[White "Manukyan, Aleks"]
[Black "Ismayil, Malak"]
[Result "1-0"]
[WhiteElo "2097"]
[BlackElo "1886"]
[Annotator "NA RC"]
[PlyCount "67"]
[EventDate "2019.07.13"]
[EventType "swiss"]
[EventCountry "GEO"]
[SourceTitle "playchess.com"]
[Source "ChessBase"]
[SourceQuality "1"]
[TimeControl "40/5400+30:1800+30"]

1. Nf3 {[%emt 0:00:31]} Nf6 {[%emt 0:00:00]} 2. c4 {[%emt 0:01:38]} Nc6 {[%emt 0:00:48]} 3. d4 {[%emt 0:00:30]} e6 {[%emt 0:00:15]} 4. Nc3 {[%emt 0:04:18]} Bb4 {[%emt 0:07:34]} 5. Qc2 {[%emt 0:00:37]} d5 {[%emt 0:09:15]} 6. a3 {[%emt 0:02:07]} Bxc3+ {[%emt 0:01:23]} 7. bxc3 {[%emt 0:01:36]} Ne4 {[%emt 0:02:26]} 8. e3 {[%emt 0:01:39]} O-O {[%emt 0:03:06]} 9. Bd3 {[%emt 0:00:10]} Nf6 {[%emt 0:02:18]} 10. O-O {[%emt 0:00:38]} h6 {[%emt 0:00:56]} 11. h3 {[%emt 0:01:44]} b6 {[%emt 0:01:33]} 12. cxd5 {[%emt 0:03:47]} exd5 {[%emt 0:01:10]} 13. c4 {[%emt 0:00:38]} dxc4 14. Bxc4 {[%emt 0:00:59]} Na5 {[%emt 0:09:42]} 15. Bd3 {[%emt 0:05:38]} Be6 {[%emt 0:00:21]} 16. Bb2 {[%emt 0:05:02]} c5 {[%emt 0:00:58]} 17. dxc5 {[%emt 0:04:03]} Rc8 {[%emt 0:00:46]} 18. Qe2 {[%emt 0:04:01]} bxc5 {[%emt 0:19:03]} 19. Rfd1 {[%emt 0:10:03]} Qe7 {[%emt 0:00:33]} 20. Rac1 {[%emt 0:02:51]} c4 {[%emt 0:02:09]} 21. Bb1 {[%emt 0:01:44]} Nb3 {[%emt 0:01:17]} 22. Rc2 {[%emt 0:07:13]} Ne4 {[%emt 0:01:27]} 23. Be5 {[%emt 0:08:30]} Rfd8 {[%emt 0:01:49]} 24. Rxd8+ {[%emt 0:02:47]} Rxd8 {[%emt 0:03:51]} 25. Kh2 {[%emt 0:02:24]} Kf8 {[%emt 0:11:45]} 26. Bf4 {[%emt 0:03:59]} f6 {[%emt 0:03:49]} 27. Nd4 {[%emt 0:02:01]} Nxd4 {[%emt 0:05:39]} 28. exd4 {[%emt 0:00:01]} Rxd4 {[%emt 0:00:47]} 29. Qe3 {[%emt 0:02:51]} Qd7 {[%emt 0:00:51]} 30. Rb2 {[%emt 0:00:22]} Ng5 {[%emt 0:04:58]} 31. Rb8+ {[%emt 0:01:06]} Ke7 {[%emt 0:00:41]} 32. Qc3 {[%emt 0:04:32]} Kf7 {[%emt 0:01:53]} 33. Qb4 {[%emt 0:00:57]} Qe7 {[%emt 0:00:28]} 34. Bg6+ {[%emt 0:00:07]} 1-0

[Event "14th Poti Open-A 2019"]
[Site "Poti"]
[Date "2019.07.16"]
[Round "5.18"]
[White "Manukyan, Sevak N."]
[Black "Qalichava, Akaki"]
[Result "0-1"]
[WhiteElo "1830"]
[BlackElo "1808"]
[Annotator "NA RC"]
[PlyCount "88"]
[EventDate "2019.07.13"]
[EventType "swiss"]
[EventCountry "GEO"]
[SourceTitle "playchess.com"]
[Source "ChessBase"]
[SourceQuality "1"]
[TimeControl "40/5400+30:1800+30"]

1. Nf3 {[%emt 0:00:00]} Nf6 {[%emt 0:00:00]} 2. g3 {[%emt 0:00:04]} d5 {[%emt 0:00:00]} 3. Bg2 {[%emt 0:00:06]} c5 {[%emt 0:00:00]} 4. O-O {[%emt 0:00:10]} Nc6 {[%emt 0:00:00]} 5. c4 {[%emt 0:00:09]} e5 {[%emt 0:00:00]} 6. cxd5 {[%emt 0:00:30]} Nxd5 {[%emt 0:00:04]} 7. Nc3 {[%emt 0:00:09]} Be6 {[%emt 0:00:13]} 8. Qa4 {[%emt 0:01:40]} f6 {[%emt 0:01:50]} 9. d3 {[%emt 0:11:19]} Be7 {[%emt 0:02:05]} 10. Nd2 {[%emt 0:00:21]} Qd7 {[%emt 0:07:09]} 11. Nc4 {[%emt 0:03:21]} O-O {[%emt 0:01:36]} 12. a3 {[%emt 0:04:35]} Nb6 {[%emt 0:03:47]} 13. Qd1 {[%emt 0:10:28]} Rfd8 {[%emt 0:10:25]} 14. b3 {[%emt 0:01:23]} Rac8 {[%emt 0:01:27]} 15. Be3 {[%emt 0:04:48]} Nd4 {[%emt 0:02:24]} 16. Rb1 {[%emt 0:04:50]} Nd5 {[%emt 0:01:28]} 17. Nxd5 {[%emt 0:03:28]} Bxd5 {[%emt 0:00:26]} 18. Bxd5+ {[%emt 0:00:25]} Qxd5 {[%emt 0:00:05]} 19. Qd2 {[%emt 0:00:51]} b5 {[%emt 0:04:47]} 20. Na5 {[%emt 0:00:13]} Rd7 {[%emt 0:01:32]} 21. Rfc1 {[%emt 0:03:34]} Bd8 {[%emt 0:00:45]} 22. Bxd4 {[%emt 0:00:10]} exd4 {[%emt 0:00:11]} 23. a4 {[%emt 0:06:54]} a6 {[%emt 0:03:31]} 24. axb5 {[%emt 0:03:50]} axb5 {[%emt 0:00:05]} 25. b4 {[%emt 0:18:34]} c4 {[%emt 0:01:29]} 26. dxc4 {[%emt 0:01:35]} bxc4 {[%emt 0:00:19]} 27. Qa2 {[%emt 0:00:53]} Ra7 {[%emt 0:07:44]} 28. Qd2 {[%emt 0:11:06]} Bxa5 {[%emt 0:02:21]} 29. bxa5 {[%emt 0:00:04]} Rxa5 {[%emt 0:00:17]} 30. Qb4 {[%emt 0:04:38]} Rac5 {[%emt 0:04:00]} 31. Rd1 {[%emt 0:00:29]} Qe4 {[%emt 0:00:26]} 32. Rbc1 {[%emt 0:00:57]} f5 {[%emt 0:04:42]} 33. Qa4 {[%emt 0:00:41]} f4 {[%emt 0:01:37]} 34. Qd7 {[%emt 0:00:09]} fxg3 {[%emt 0:00:10]} 35. hxg3 {[%emt 0:00:27]} Qxe2 {[%emt 0:01:44]} 36. Rxd4 {[%emt 0:01:20]} Rf8 {[%emt 0:00:47]} 37. Rd2 {[%emt 0:01:40]} Qe4 {[%emt 0:02:57]} 38. Qd4 {[%emt 0:01:06]} Qxd4 {[%emt 0:00:32]} 39. Rxd4 {[%emt 0:00:01]} c3 {[%emt 0:00:06]} 40. Rd3 {[%emt 0:00:33]} c2 {[%emt 0:00:05]} 41. Rd2 {[%emt 0:30:04]} Rfc8 {[%emt 0:30:07]} 42. Kf1 {[%emt 0:00:05]} Kf7 {[%emt 0:00:25]} 43. Ke2 {[%emt 0:01:15]} Ke6 {[%emt 0:00:12]} 44. Kd3 {[%emt 0:00:56]} Rd8+ {[%emt 0:00:17] Kd4 Ke5+} 0-1

[Event "14th Poti Open-A 2019"]
[Site "Poti"]
[Date "2019.07.16"]
[Round "5.19"]
[White "Mindiashvili, Tengiz"]
[Black "Kvaratskhelia, Dimitri"]
[Result "1/2-1/2"]
[WhiteElo "1862"]
[BlackElo "2014"]
[Annotator "NA RC"]
[PlyCount "74"]
[EventDate "2019.07.13"]
[EventType "swiss"]
[EventCountry "GEO"]
[SourceTitle "playchess.com"]
[Source "ChessBase"]
[SourceQuality "1"]
[TimeControl "40/5400+30:1800+30"]

1. b3 e5 2. Bb2 Nc6 3. e3 Nf6 4. Bb5 Bd6 5. Ne2 a6 6. Bxc6 dxc6 7. O-O e4 8. f4 exf3 9. Rxf3 Bg4 10. Rf1 Qe7 11. Qe1 O-O-O 12. Ng3 h5 13. Nc3 Rh6 14. d3 Rg6 15. Nce4 Bb4 16. Bc3 Bxc3 17. Nxc3 Bh3 18. gxh3 h4 19. Rf3 Rh8 20. Kh1 hxg3 21. Rxg3 Rgh6 22. Qf1 Qd7 23. Re1 Rxh3 24. Rxh3 Rxh3 25. Re2 Qe6 26. Nd1 Kb8 27. Qg2 g6 28. Qf1 Qg4 29. Nf2 Qf3+ 30. Kg1 Rh5 31. Nh1 Qxf1+ 32. Kxf1 Ng4 33. Kg1 Rh3 34. e4 Re3 35. Ng3 Rxe2 36. Nxe2 c5 37. c3 c6 1/2-1/2

[Event "14th Poti Open-A 2019"]
[Site "Poti"]
[Date "2019.07.16"]
[Round "5.20"]
[White "Khachatrian, Arbi"]
[Black "Pluzyan, Aram"]
[Result "0-1"]
[WhiteElo "1735"]
[BlackElo "2087"]
[Annotator "NA RC"]
[PlyCount "132"]
[EventDate "2019.07.13"]
[EventType "swiss"]
[EventCountry "GEO"]
[SourceTitle "playchess.com"]
[Source "ChessBase"]
[SourceQuality "1"]
[TimeControl "40/5400+30:1800+30"]

1. e4 {[%emt 0:00:00]} d5 {[%emt 0:00:00]} 2. exd5 {[%emt 0:00:00]} Nf6 {[%emt 0:00:00]} 3. d4 {[%emt 0:00:16]} Nxd5 {[%emt 0:00:00]} 4. c4 {[%emt 0:00:28]} Nb6 {[%emt 0:00:01]} 5. Nc3 {[%emt 0:00:26]} Nc6 {[%emt 0:00:06]} 6. d5 {[%emt 0:02:49]} Ne5 {[%emt 0:01:09]} 7. Qd4 {[%emt 0:00:25]} Ng6 {[%emt 0:01:39]} 8. c5 {[%emt 0:09:05]} e5 {[%emt 0:00:38]} 9. Qd1 {[%emt 0:08:55]} Bxc5 {[%emt 0:00:12]} 10. g3 {[%emt 0:00:13]} Ne7 {[%emt 0:04:08]} 11. Bg2 {[%emt 0:00:53]} Bb4 {[%emt 0:01:40]} 12. Nge2 {[%emt 0:00:59]} Nexd5 {[%emt 0:01:32]} 13. Qc2 {[%emt 0:01:43]} O-O {[%emt 0:07:31]} 14. O-O {[%emt 0:00:05]} c6 {[%emt 0:00:47]} 15. a3 {[%emt 0:02:54]} Be7 {[%emt 0:00:48]} 16. b3 {[%emt 0:00:29]} Be6 {[%emt 0:02:31]} 17. Bb2 {[%emt 0:00:21]} f6 {[%emt 0:01:45]} 18. Rfd1 {[%emt 0:02:12]} Qe8 {[%emt 0:00:29]} 19. Ne4 {[%emt 0:00:54]} Qf7 {[%emt 0:01:02]} 20. Nc5 {[%emt 0:00:38]} Bxc5 21. Qxc5 {[%emt 0:00:08]} Nc7 {[%emt 0:02:11]} 22. Nc1 {[%emt 0:02:25]} Rad8 {[%emt 0:00:49]} 23. Qc2 {[%emt 0:00:43]} Rxd1+ {[%emt 0:01:00]} 24. Qxd1 {[%emt 0:00:06]} Qd7 {[%emt 0:00:09]} 25. Qxd7 {[%emt 0:03:03]} Nxd7 {[%emt 0:01:06]} 26. Kf1 {[%emt 0:02:13]} Nc5 {[%emt 0:00:32]} 27. Bc3 {[%emt 0:00:46]} Nxb3 {[%emt 0:02:34]} 28. Nxb3 {[%emt 0:00:09]} Bxb3 {[%emt 0:00:07]} 29. Rb1 {[%emt 0:00:26]} Bc4+ {[%emt 0:00:02]} 30. Ke1 {[%emt 0:00:26]} Nb5 {[%emt 0:00:01]} 31. Bb4 {[%emt 0:00:39]} Rd8 {[%emt 0:00:33]} 32. Be4 {[%emt 0:02:37]} g6 {[%emt 0:02:30]} 33. g4 {[%emt 0:00:29]} Rd7 {[%emt 0:04:33]} 34. f3 {[%emt 0:02:49]} a6 {[%emt 0:02:48]} 35. a4 {[%emt 0:03:26]} Nd4 {[%emt 0:00:24]} 36. Bc5 {[%emt 0:01:02]} Ne6 {[%emt 0:07:01]} 37. Bb6 {[%emt 0:02:42]} Kf7 {[%emt 0:03:52]} 38. Rb2 {[%emt 0:00:08]} Ke7 {[%emt 0:01:01]} 39. h4 {[%emt 0:02:03]} Bd5 {[%emt 0:00:48]} 40. Be3 {[%emt 0:08:03]} Bxe4 {[%emt 0:05:50]} 41. fxe4 {[%emt 0:30:09]} Nd4 {[%emt 0:30:10]} 42. Kf2 {[%emt 0:01:09]} Kd6 {[%emt 0:01:13]} 43. Bd2 {[%emt 0:04:35]} Kc5 {[%emt 0:01:35]} 44. Ke3 {[%emt 0:01:19]} b5 {[%emt 0:03:08]} 45. a5 {[%emt 0:02:29]} Kd6 {[%emt 0:01:12]} 46. Be1 {[%emt 0:04:34]} c5 {[%emt 0:00:25]} 47. Rh2 {[%emt 0:01:33]} b4 {[%emt 0:01:19]} 48. g5 {[%emt 0:00:09]} f5 {[%emt 0:00:52]} 49. exf5 {[%emt 0:01:12]} gxf5 {[%emt 0:00:16]} 50. h5 {[%emt 0:00:12]} Kd5 {[%emt 0:00:29]} 51. g6 {[%emt 0:00:31]} hxg6 {[%emt 0:00:43]} 52. hxg6 {[%emt 0:00:08]} Rg7 {[%emt 0:00:14]} 53. Rg2 {[%emt 0:01:01]} f4+ {[%emt 0:00:11]} 54. Kf2 {[%emt 0:02:02]} Ke6 {[%emt 0:00:41]} 55. Kf1 {[%emt 0:00:21]} Kf5 {[%emt 0:00:12]} 56. Rh2 {[%emt 0:00:44]} Rxg6 {[%emt 0:00:17]} 57. Rh7 {[%emt 0:00:32]} Ke4 {[%emt 0:00:27]} 58. Rc7 {[%emt 0:00:41]} Rc6 {[%emt 0:00:16]} 59. Rb7 {[%emt 0:00:47]} Kd3 {[%emt 0:00:15]} 60. Bf2 {[%emt 0:00:32]} e4 {[%emt 0:00:51]} 61. Bxd4 {[%emt 0:00:29]} Kxd4 {[%emt 0:00:02]} 62. Rb6 {[%emt 0:00:35]} Kd5 {[%emt 0:00:08]} 63. Rb8 {[%emt 0:00:25]} c4 {[%emt 0:00:17]} 64. Ke2 {[%emt 0:03:17]} c3 {[%emt 0:00:18]} 65. Kd1 {[%emt 0:00:26]} c2+ {[%emt 0:00:14]} 66. Kc1 {[%emt 0:00:06]} f3 {[%emt 0:00:14]} 0-1

[Event "14th Poti Open-A 2019"]
[Site "Poti"]
[Date "2019.07.16"]
[Round "5.21"]
[White "Nurijanyan, Alex"]
[Black "Bechvaia, Gabriel"]
[Result "0-1"]
[WhiteElo "1610"]
[BlackElo "1793"]
[Annotator "NA RC"]
[PlyCount "58"]
[EventDate "2019.07.13"]
[EventType "swiss"]
[EventCountry "GEO"]
[SourceTitle "playchess.com"]
[Source "ChessBase"]
[SourceQuality "1"]
[TimeControl "40/5400+30:1800+30"]

1. e4 {[%emt 0:00:00]} c5 {[%emt 0:00:00]} 2. Nc3 {[%emt 0:00:00]} g6 {[%emt 0:00:35]} 3. f4 {[%emt 0:01:43]} Bg7 {[%emt 0:01:11]} 4. Nf3 {[%emt 0:04:16]} Nc6 {[%emt 0:00:13]} 5. Bc4 {[%emt 0:00:10]} e6 {[%emt 0:01:06]} 6. O-O {[%emt 0:00:10]} Nge7 {[%emt 0:00:25]} 7. d3 {[%emt 0:06:19]} d5 {[%emt 0:05:08]} 8. Bb3 {[%emt 0:03:13]} O-O {[%emt 0:01:45]} 9. Qe1 {[%emt 0:00:35]} Nd4 {[%emt 0:07:12]} 10. f5 {[%emt 0:04:02]} Nxb3 {[%emt 0:08:50]} 11. axb3 {[%emt 0:00:16]} exf5 {[%emt 0:00:33]} 12. Qh4 {[%emt 0:01:41]} dxe4 {[%emt 0:25:36]} 13. dxe4 {[%emt 0:01:17]} Nc6 {[%emt 0:11:37]} 14. Bg5 {[%emt 0:05:43]} f6 {[%emt 0:02:31]} 15. Be3 {[%emt 0:03:37]} Qe7 {[%emt 0:08:08]} 16. Rfe1 {[%emt 0:01:10]} b6 {[%emt 0:03:48]} 17. Qg3 {[%emt 0:25:48]} fxe4 {[%emt 0:04:02]} 18. Nxe4 {[%emt 0:00:37]} Qxe4 {[%emt 0:00:59]} 19. Bxc5 {[%emt 0:00:16]} Qg4 {[%emt 0:00:12]} 20. Qc7 {[%emt 0:05:33]} Qd7 {[%emt 0:02:48]} 21. Qxd7 {[%emt 0:00:43]} Bxd7 {[%emt 0:00:01]} 22. Bxf8 {[%emt 0:00:11]} Bxf8 {[%emt 0:00:30]} 23. Nd2 {[%emt 0:00:50]} Nd4 {[%emt 0:01:49]} 24. Ne4 {[%emt 0:05:03]} Bf5 {[%emt 0:01:40]} 25. Nxf6+ {[%emt 0:00:39]} Kf7 {[%emt 0:00:24]} 26. Rf1 {[%emt 0:01:43]} Kxf6 {[%emt 0:00:52]} 27. g4 {[%emt 0:00:38]} Bc5 {[%emt 0:01:11]} 28. Kh1 {[%emt 0:01:39]} Nxc2 {[%emt 0:00:09]} 29. Rac1 {[%emt 0:00:22]} Ne3 {[%emt 0:00:08]} 0-1